Looking for loopholes : processes of incorporation of illegal immigrants in the Netherlands /

"Looking for Loopholes, Processes of incorporation of illegal immigrants in the Netherlands offers a detailed account of how illegal immigrants, who are legally excluded, manage to incorporate into Dutch society. By combining the perspectives of immigrants on the one hand and of those who have...

Full description

Bibliographic Details
Main Author: Leun, Joanne van der
Corporate Author: JSTOR (Organization)
Format: eBook
Language:English
Language Notes:English.
Published: Amsterdam : Amsterdam University Press, ©2003.
Subjects:
Online Access:Connect to the full text of this electronic book

MARC

Tag First Indicator Second Indicator Subfields
LEADER 00000cam a2200000 a 4500
001 in00004634113
006 m o d
007 cr cnu---unuuu
008 040216s2003 ne ob 001 0 eng d
005 20230103223118.6
035 |a (OCoLC)ocm54428537  
035 |a (OCoLC)ocm54428537  
040 |a N$T  |b eng  |e pn  |c N$T  |d YDXCP  |d OCLCQ  |d TNF  |d DOS  |d CN8ML  |d OCLCQ  |d COO  |d MERUC  |d DKDLA  |d EBLCP  |d OCLCE  |d E7B  |d OCLCO  |d OAPEN  |d FVL  |d IDEBK  |d OCLCF  |d ZMC  |d CNMTR  |d JSTOR  |d OCLCA  |d OCLCQ  |d AZK  |d COCUF  |d AGLDB  |d MOR  |d PIFBR  |d OCLCQ  |d XFH  |d ZCU  |d OCLCQ  |d WY@  |d U3W  |d LUE  |d LND  |d LOA  |d STF  |d VNS  |d WRM  |d VTS  |d NRAMU  |d VT2  |d ICG  |d INT  |d OCLCQ  |d AU@  |d ERL  |d LVT  |d G3B  |d OCLCQ  |d DKC  |d OCLCQ  |d OCLCA  |d UWK  |d OCLCQ  |d K6U  |d OCLCO  |d CAMBR  |d OCLCQ  |d WHE  |d ERD  |d OCLCO  |d OCL  |d OCLCQ  |d OCL  |d OCLCO  |d OCL 
015 |a GBA3X8465  |2 bnb 
019 |a 191935745  |a 437107004  |a 475493191  |a 475713465  |a 476252137  |a 595338589  |a 606908731  |a 614627218  |a 667093858  |a 722227321  |a 728015079  |a 794697649  |a 814514485  |a 961569619  |a 961675839  |a 962640843  |a 962645266  |a 974456050  |a 974515508  |a 974521165  |a 974574926  |a 982307594  |a 988436762  |a 991911896  |a 991985994  |a 994563938  |a 1018002071  |a 1027008011  |a 1030815336  |a 1037918027  |a 1038669605  |a 1039232064  |a 1043500553  |a 1045513196  |a 1047950721  |a 1053104787  |a 1055323199  |a 1058022041  |a 1110337362 
020 |a 0585495327  |q (electronic bk.) 
020 |a 9780585495323  |q (electronic bk.) 
020 |a 9789048505203  |q (electronic bk.) 
020 |a 9048505208  |q (electronic bk.) 
020 |a 9786610958894 
020 |a 6610958890 
020 |z 1280958898 
020 |z 9781280958892 
020 |z 9053566007 
020 |z 9789053566008 
024 7 |a 10.5117/9789053566008  |2 doi 
035 |a (OCoLC)54428537  |z (OCoLC)191935745  |z (OCoLC)437107004  |z (OCoLC)475493191  |z (OCoLC)475713465  |z (OCoLC)476252137  |z (OCoLC)595338589  |z (OCoLC)606908731  |z (OCoLC)614627218  |z (OCoLC)667093858  |z (OCoLC)722227321  |z (OCoLC)728015079  |z (OCoLC)794697649  |z (OCoLC)814514485  |z (OCoLC)961569619  |z (OCoLC)961675839  |z (OCoLC)962640843  |z (OCoLC)962645266  |z (OCoLC)974456050  |z (OCoLC)974515508  |z (OCoLC)974521165  |z (OCoLC)974574926  |z (OCoLC)982307594  |z (OCoLC)988436762  |z (OCoLC)991911896  |z (OCoLC)991985994  |z (OCoLC)994563938  |z (OCoLC)1018002071  |z (OCoLC)1027008011  |z (OCoLC)1030815336  |z (OCoLC)1037918027  |z (OCoLC)1038669605  |z (OCoLC)1039232064  |z (OCoLC)1043500553  |z (OCoLC)1045513196  |z (OCoLC)1047950721  |z (OCoLC)1053104787  |z (OCoLC)1055323199  |z (OCoLC)1058022041  |z (OCoLC)1110337362 
037 |b DOAB  |c CostFree  |f FormOnline  |g AccessOpen  |n GovNo 
037 |a 22573/ctt45t0wp  |b JSTOR 
042 |a dlr 
043 |a e-ne--- 
050 4 |a JV8152  |b .L48 2003eb 
072 7 |a POL  |x 004000  |2 bisacsh 
072 7 |a POL  |x 035010  |2 bisacsh 
072 7 |a HQ  |2 lcco 
072 7 |a JHB  |2 bicssc 
072 7 |a SOC026000  |2 bisacsh 
082 0 4 |a 323.63109492  |2 22 
084 |a 86.58  |2 bcl 
049 |a TXAM 
100 1 |a Leun, Joanne van der. 
245 1 0 |a Looking for loopholes :  |b processes of incorporation of illegal immigrants in the Netherlands /  |c Joanne van der Leun. 
260 |a Amsterdam :  |b Amsterdam University Press,  |c ©2003. 
300 |a 1 online resource (230 pages) 
336 |a text  |b txt  |2 rdacontent 
337 |a computer  |b c  |2 rdamedia 
338 |a online resource  |b cr  |2 rdacarrier 
347 |a data file 
504 |a Includes bibliographical references (pages 207-226) and index. 
505 0 0 |t Incorporation of illegal immigrants and internal migration control --  |t Loopholes in the labour market : informal employment --  |t Crime as alternative option : illicit employment --  |t Internal surveillance in practice : the police --  |t Close encounters with the welfare state : limits of the Linking act --  |t Summary and conclusions. Legal limits to incorporation, social limits to internal control --  |t Appendices : Interviews with illegal immigrants in Rotterdam; Police files; Interviews with police officers; Interviews in other sectors. 
520 |a "Looking for Loopholes, Processes of incorporation of illegal immigrants in the Netherlands offers a detailed account of how illegal immigrants, who are legally excluded, manage to incorporate into Dutch society. By combining the perspectives of immigrants on the one hand and of those who have to implement the 'discouragement policy' on the other hand, the study shows how tensions between restrictive rules and day-to-day practices are growing. Based on long-term research in the four largest cities in the Netherlands, attention is paid to the role of informal employment and criminal involvement and to practices in the fields of education, housing, health-care and police surveillance"--Publisher's description 
588 0 |a Print version record. 
538 |a Master and use copy. Digital master created according to Benchmark for Faithful Digital Reproductions of Monographs and Serials, Version 1. Digital Library Federation, December 2002.  |u http://purl.oclc.org/DLF/benchrepro0212  |5 MiAaHDL 
583 1 |a digitized  |c 2010  |h HathiTrust Digital Library  |l committed to preserve  |2 pda  |5 MiAaHDL 
546 |a English. 
650 0 |a Noncitizens  |z Netherlands  |x Social conditions. 
650 0 |a Noncitizens  |x Employment  |z Netherlands. 
650 0 |a Illegal immigration  |z Netherlands. 
650 6 |a Immigration clandestine  |z Pays-Bas. 
650 7 |a Society and social sciences.  |2 bicssc 
650 7 |a Society and culture: general.  |2 bicssc 
650 7 |a Social issues and processes.  |2 bicssc 
650 7 |a Migration, immigration and emigration.  |2 bicssc 
650 7 |a Sociology and anthropology.  |2 bicssc 
650 7 |a POLITICAL SCIENCE  |x Political Freedom & Security  |x Civil Rights.  |2 bisacsh 
650 7 |a POLITICAL SCIENCE  |x Political Freedom & Security  |x Human Rights.  |2 bisacsh 
650 7 |a SOCIAL SCIENCE  |x Sociology  |x General.  |2 bisacsh 
650 7 |a Foreign workers.  |2 fast  |0 (OCoLC)fst01729099 
650 7 |a Illegal immigration.  |2 fast  |0 (OCoLC)fst02033296 
650 7 |a Noncitizens  |x Social conditions.  |2 fast  |0 (OCoLC)fst00805312 
651 7 |a Netherlands.  |2 fast  |0 (OCoLC)fst01204034 
650 1 7 |a Illegale buitenlanders.  |2 gtt 
650 1 7 |a Vreemdelingenrecht.  |2 gtt 
650 1 7 |a Integratie.  |2 gtt 
653 0 |a Sociology 
655 7 |a Electronic books.  |2 local 
710 2 |a JSTOR (Organization) 
776 0 8 |i Print version:  |a Leun, Joanne van der.  |t Looking for loopholes.  |d Amsterdam : Amsterdam University Press, ©2003  |z 9053566007  |w (DLC) 2003504827  |w (OCoLC)51991419 
856 4 0 |u https://www.jstor.org/stable/10.2307/j.ctt46n2vd  |z Connect to the full text of this electronic book  |t 0 
955 |a JSTOR Open Access ebooks 
994 |a 92  |b TXA 
999 f f |s e7c327d0-7ec8-4626-8776-662846fcaa5d  |i e04fa75c-f23e-4042-8092-6797ce16939f  |t 0 
952 f f |a Texas A&M University  |b College Station  |c Electronic Resources  |d Available Online  |t 0  |e JV8152 .L48 2003eb  |h Library of Congress classification 
998 f f |a JV8152 .L48 2003eb  |t 0  |l Available Online